000 01209cam a2200313 a 4500
001 000014552
005 20200929163852.0
008 990708s1999 ck 000 0 spa d
010 _a99224590
020 _a9586147029
035 _a(DLC) 99224590
040 _aDO-SdBNP
_cspa
_dBNPHU
043 _as-ck---
082 _a303.44
_bLl791h
100 1 _aLleras Restrepo, Carlos,
_d1908-1994.
_932938
245 1 0 _aHacia la restauración democratica y el cambio social :
_bnuevo testimonio sobre la política colombiana /
_cCarlos Lleras Restrepo ; notas de Oscar Londono Pineda.
260 _aSantafé de Bogotá :
_bPlaneta,
_c1999.
300 _a707 p. ;
_c24 cm.
490 1 _aLa línea del horizonte;
500 _aIncluye datos biográficos del autor en la solapa de la cubierta.
500 _aIncluye acontecimientos políticos a los cuales se hace referencia en el libro p. 701-707
500 _aIncluye notas p. 659-700
651 4 _aColombia
_xPolítica Y Gobierno
_y1946-1974.
_94127
651 4 _aColombia
_xPolítica Económica
_932939
700 1 _aLondono Pineda, Oscar.
_932940
830 3 _aLa línea del horizonte
_932941
910 _aCatalogación por copia / LC
049 _aBNPD
999 _c14139
_d14139